Every Derated Demon in Geometry Dash - Statistics

General Stats
  • This quiz has been taken 13 times
  • The average score is 24 of 144
Answer Stats
Publisher Answer % Correct
RA7 BP Night
80%
DarkX Element 111 Rg
80%
Sohn0924 The Hell origin
80%
GD virus Battle of the Shades
60%
Knobbelboy God Eater
60%
Cyclic Ice cream
60%
Tygrysek Phobos
60%
BlackP2sFull Silent Club
60%
Cyclic | Cyrillic Sonic Wave
60%
Mullsy Tartarus
60%
Sohn0924 The Hell dignity
60%
Sohn0924 The Hell World
60%
Sohn0924 The Hell zone
60%
LavonAffair an2echamber
40%
BoyoftheCones Catabath
40%
hota1991 Khorne
40%
GammaReXx Natural Disaster
40%
Koopi Theory of Darkness
40%
pedophilegaming Wasureta
40%
Ennehboo Ablixaa
20%
DAM Geometry a darkworld
20%
wamiq ascension
20%
Dzeser Astronaut 13
20%
Ryder BlitzStep
20%
Christian C0nFuS3D
20%
Cursed Chronic
20%
joel climb step
20%
ruined Code Name Glacial
20%
ruined Code Name Utopia
20%
Aquatias Collaboration Theory
20%
PikaSempai Crazy Funk 3
20%
Ares Danaes Button
20%
Yoruonomi deadlocked alpha
20%
Myinus Deadly Hexagon Force
20%
KeyjeyRV Death
20%
Leksitoo DemonDynamix
20%
player demone5
20%
ITS ZK32MARIO DEMON MIX ZK
20%
bbddee demons 123
20%
Small Demon step
20%
BlackP2sFull demons xstep
20%
Player eoifiojewfiojweijofe
20%
Player eoijfioejwfiojewiofi
20%
Yoonsr Evangelion
20%
Player ewiofkopwefkopwekopf
20%
ozpectro fexty
20%
Supermoon forgot forest
20%
roadjunior Heaven And Hell
20%
Nena Kiwi Hex Force
20%
HRNT HIGHLANDER EXPRESS
20%
Small ice Hell cave
20%
Spek5ter InaBlinkOfAnEye
20%
ItzBedlet Infinite Process
20%
Cyclic Invisible Clubstep
20%
Cookieszs Jawbreaker v2
20%
HMANN korv
20%
Player korv2
20%
Andromeda GMD Lunatic Doom Machine
20%
Step4enko Magnix
20%
BLACKWAVE Mental Breakdown
20%
SWEETBONANZA Midnight
20%
titanium NONSENSE world LV12
20%
Davphla Ocular Miracle
20%
Player really hard
20%
Rek3dge Revolution X
20%
Player robtop fix server
20%
Player ROBTOP FIX YOUR PHP
20%
nether skrillex party
20%
zaRIKU sochiski jump
20%
FraudPlayer Spike is black
20%
Cyrillic Supernova Circles
20%
-gw ariane- The extreme univers
20%
dzzr The MareNight
20%
Brink theory of integral
20%
Kazeshini The Traveler
20%
primo 2pac thug life
20%
Transcendency Toxic Overdrive
20%
gw kolse trololololololololol
20%
WizTicFX Ultra Clubstep
20%
Megaman9 Untitled
20%
HMANN wksld
20%
Player wksld2
20%
FunnyGame xStep v2 r
20%
204L YOU
20%
CYS Autumn
0%
tvasko balleon
0%
Flozo88 Belly Circles
0%
Marshies Bibys Demon Mix
0%
chipzz Blacklight
0%
Mr Flame Castle Machine
0%
iLemon Chaotic Airflow
0%
Druck Cool Breakz
0%
aurorus CORE x DISCHARGE
0%
kudabe cupid demon
0%
Ghost CyberFantasy
0%
aurorus deathstone
0%
Terrible demon forest
0%
gw blackprint demon knockout
0%
Gw Illusion Demon on Track
0%
Clip3 Demon Stage
0%
bbddee demons time machine
0%
StarBombKR destiny of death
0%
Myinus Diamond Cave
0%
Hexagon Dasher dj clubstep
0%
Irika ecropolis
0%
Dzeser Endless World
0%
SepulchureGD Figurative
0%
Elzeko Hell Kingdom
0%
Terrible Hexazonal
0%
Irika hypersonic
0%
Flosia Illumination City
0%
GW QkEk 2 It Is Realy HARD
0%
Dzeser Kill Stealer
0%
pentix Lightspeed
0%
KaptainCPU Lunar Eclipse
0%
Cyclic Lunar Intoxication
0%
Raszagal MoonLight Crystal
0%
FILE Mystic Flow
0%
YoshiDash13 No Limits
0%
noobas noobas adventures 2
0%
AmoungPequeno No Pain No Gain
0%
GW OVER DRIVE OVER OF EVERYTHING
0%
The Carrot project Destiny
0%
Dyrox Relativo
0%
D4rkGryf Robotic Wave
0%
Noxpuriens Runner of Jumper
0%
Manix648 SHOWDOWN
0%
Acron Space SinGer
0%
NrmdN4CR Super Core
0%
DemonMKer Supreme Lab Factory
0%
direction The Antarctica
0%
albin  cool1 theory of chaos
0%
Btzmaru ultimate fire power
0%
WizTicFX Ultra Cycles
0%
WizTicFX UltraFunk
0%
ruined Unknown Universe
0%
Bandidash Utopian Delusions
0%
jakupii very easy
0%
insomniagamez vortex haven
0%
WazE WeoTheory II
0%
zaRIKU Wild Gigas
0%
Xbas x canival
0%
BlackP2sFull X SECTION
0%
No matching quizzes found
Score Distribution
Percent of People with Each Score
Percentile by Number Answered
Your Score History
You have not taken this quiz